| 000 | 00845na a2200277 4500 | ||
|---|---|---|---|
| 001 | 18236 | ||
| 003 | MIRAKIL | ||
| 005 | 20181213154938.0 | ||
| 008 | 161115b tu 000 0 | ||
| 020 | _a9754046589 | ||
| 040 |
_aMilas _btur _cTR-AnCHP |
||
| 041 | _atur | ||
| 082 |
_a639.2016 _bT55c 2003 |
||
| 090 | _a639.2016 T55c 2003 | ||
| 100 | _aTimur, Metin | ||
| 245 |
_aCumhuriyet dönemi su ürünleri bibliyografisi _cMetin Timur, Sibel Çolak, Kadir Doğan |
||
| 260 |
_aİstanbul _bİ.Ü. Su Ürünleri Fakültesi Yayınları _c2003 |
||
| 300 |
_a405 s. _c24 sm. |
||
| 440 | _aİ.Ü. Su Ürünleri Fakültesi Yayınları | ||
| 490 |
_aFakülte _v4 |
||
| 490 |
_aRektörlük _v4406 |
||
| 650 |
_aSu ürünleri _xCumhuriyet Dönemi _yBibliyografyalar |
||
| 700 | _aDoğan, Kadir | ||
| 700 | _aÇolak, Sibel | ||
| 942 |
_2ddc _cBKS |
||
| 999 |
_c3653 _d3653 |
||